| 000 | 01030nam a2200265Ia 4500 | ||
|---|---|---|---|
| 999 |
_c29923 _d29923 |
||
| 003 | CO-CtgCURN | ||
| 005 | 20250409210215.0 | ||
| 008 | 190724s1996 xx 000 0 und d | ||
| 020 | _a9586162311 | ||
| 040 |
_aCO-CtgCURN _bspa _ccoctgcurn |
||
| 082 |
_a364.15 _bZ68c |
||
| 100 |
_aZiffer, Patricia S. _eautora _99701 |
||
| 245 | 0 |
_aEl concurso entre la tenencia de arma de guerra y el robo con arma / _cPatricia S. Ziffer |
|
| 250 | _a1 edición | ||
| 260 |
_aBogotá, Colombia : _bUniversidad Externado de Colombia; _bCentro de Investigaciones de Derecho Penal y Filosofía del Derecho, _c1996 |
||
| 300 |
_a31 páginas ; _c21 centímetros |
||
| 490 |
_aCuadernos de Conferencias y Artículos; _v5 |
||
| 500 | _aIncluye introducción | ||
| 504 | _aIncluye referencias bibliográficas al pie del texto | ||
| 521 | _aAREA PROFESIONAL | ||
| 590 | _aPrograma de Derecho_18 | ||
| 650 |
_aDelitos _99702 |
||
| 942 |
_cBK _h364.15 _iZ68c _2ddc |
||